• 首页
  • 本馆介绍
  • 公告通知
  • 最新文献
  • 馆藏检索
  • 电子资源
  • 读者导购
  • 参考咨询
  • 我的图书馆
  • 登录
  • 详细信息显示
  • 放入我的书架
  • 预约/预借图书
  • 作者相关作品
  • 分类相关作品
  • 丛书相关作品
  • 出版社相关作品

书目信息

  • 表格格式
  • 工作单格式
  • 卡片格式
题名:
图说中国文化基础
    
 
作者: 郭维森 , 柳士镇 主编
分册:  
出版信息: 北京   新世界出版社  2007
页数: 722页
开本: 25cm
丛书名:
单 册:
中图分类: K203-64
科图分类:
主题词: 文化史--中国 , 文化史
电子资源:
ISBN: 978-7-80228-464-7
000 00960nam0 2200253 450
001 1259002596
005 20121007162354.78
010    @a978-7-80228-464-7@dCNY68.00
100    @a20080111d2007 em y0chiy50 ea
101 0  @achi
102    @aCN@b110000
105    @ay z 000yy
200 1  @a图说中国文化基础@Atu shuo zhong guo wen hua ji chu@e全面阐述中华文明之源起与发展@f郭维森,柳士镇主编
210    @a北京@c新世界出版社@d2007
215    @a722页@d25cm
330    @a本书内容涉及政治、经济,宗法、礼俗,律法、典章,天文、历法,历史、地理,哲学、宗教,文学,语言学等各门类,全面阐述了中国传统文化的源起与发展。
517 1  @a全面阐述中华文明之源起与发展@Aquan mian chan shu zhong hua wen ming zhi yuan qi yu fa zhan
606 0  @a文化史@y中国
606 0  @a文化史
690    @aK203-64@v4
701  0 @a郭维森@Aguo wei sen@f(1931.9~)@4主编
701  0 @a柳士镇@Aliu shi zhen@f(1945~)@4主编
801  0 @aCN@bNLC@c20101222
905    @a10447@dK203-64@eJY67
    
    图说中国文化基础:全面阐述中华文明之源起与发展/郭维森,柳士镇主编.-北京:新世界出版社,2007
    722页;25cm
    
    
    ISBN 978-7-80228-464-7:CNY68.00
    本书内容涉及政治、经济,宗法、礼俗,律法、典章,天文、历法,历史、地理,哲学、宗教,文学,语言学等各门类,全面阐述了中国传统文化的源起与发展。
●
相关链接 在E读中查询图书 在五车中查询图书 在当当中查询图书 在豆瓣中查询图书


正题名:图说中国文化基础     索取号:K203-64/JY67         预约/预借

序号 登录号 条形码 馆藏地/架位号 状态 备注
1 7831423   278314236   学院路分馆/ [索取号:K203-64/JY67] 在馆    
2 7831424   278314245   学院路分馆/ [索取号:K203-64/JY67] 在馆    
唐山师范学院图书馆 欢迎您!
大连网信软件有限公司© 版权所有